Colloidal filtration of alumina-zirconia with solid oxide additives /
Saved in:
| Main Author: | |
|---|---|
| Format: | Thesis Book |
| Language: | English |
| Published: |
2012.
|
| Subjects: | |
| Online Access: | http://studentsrepo.um.edu.my/id/eprint/8397. |
| Tags: |
Add Tag
No Tags, Be the first to tag this record!
|
| LEADER | 01521cam a2200385 i 4500 | ||
|---|---|---|---|
| 001 | u867537 | ||
| 003 | SIRSI | ||
| 005 | 201210291247 | ||
| 008 | 121029s2012 my a m 000 0 eng m | ||
| 040 | |a UMM |d UMJ |d AUM |e rda | ||
| 090 | |a TA7 |b UM 2012 Wak | ||
| 097 | |a TA7 |b UM 2012 Wak | ||
| 100 | 1 | |a Wakily, Hakimeh, |e author. | |
| 245 | 1 | 0 | |a Colloidal filtration of alumina-zirconia with solid oxide additives / |c Hakimeh Wakily. |
| 264 | 1 | |c 2012. | |
| 264 | 4 | |c 2012. | |
| 300 | |a xiii, 93 leaves : |b illustrations ; |c 30 cm. | ||
| 336 | |a text |2 rdacontent | ||
| 337 | |a unmediated |2 rdamedia | ||
| 338 | |a volume |2 rdacarrier | ||
| 502 | |b M.Eng.Sc. |c Jabatan Kejuruteraan Mekanik, Fakulti Kejuruteraan, Universiti Malaya, 2012. | ||
| 504 | |a Bibliography: leaves 78-80. | ||
| 596 | |a 1 7 25 | ||
| 650 | 0 | |a Ceramics. | |
| 650 | 0 | |a Colloids. | |
| 650 | 0 | |a Aluminum oxide. | |
| 650 | 0 | |a Zirconium oxide. | |
| 650 | 0 | |a Ceramic materials. | |
| 650 | 0 | |a Composite materials. | |
| 710 | 2 | |a Universiti Malaya. |b Jabatan Kejuruteraan Mekanik, |e degree granting institution. | |
| 856 | 4 | 1 | |u http://studentsrepo.um.edu.my/id/eprint/8397. |
| 900 | |a AT-ZA | ||
| 999 | |a TA7 UM 2012 WAK |w LC |c 1 |i A515361485 |d 26/9/2013 |f 26/9/2013 |g 1 |l STACKS |m P01UTAMA |r Y |s Y |t TESIS |u 25/9/2013 | ||
| 999 | |a TA7 UM 2012 WAK |w LC |c 1 |i A515834384 |d 17/6/2014 |f 17/6/2014 |g 1 |l STACKS |m P07JURUTER |r N |s Y |t TESIS |u 4/6/2014 | ||
| 999 | |a TA7 UM 2012 WAK |w LC |c 1 |i A516163552 |d 10/4/2015 |f 10/4/2015 |g 1 |l STACKS |m P25UMARCHI |r N |s Y |t CD |u 10/4/2015 |1 STEM |o .STAFF. MST-CD1494 | ||
